000 01261cam a2200325 a 4500
999 _c7991
_d7991
001 991015790619706706
003 OSt
005 20241202125605.0
008 100506s2010 sp |||| |||||0|| 0 cat c
017 _aDL V. 1363-2010
020 _a9788437074160
035 _a(ES-BaCBU).b43958941
035 _a(OCoLC)804847050
040 _aES-BaCBU
_bcat
_cCDMR
100 1 _aPhilo, Greg.
245 1 4 _aEls mercats assassins :
_bestudis culturals, mitjans de comunicació i conformisme /
_cGreg Philo i David Miller ; traducció de Rafael Xambó
260 _aValència :
_bPublicacions de la Universitat de València,
_ccop. 2010
300 _a195 p. ;
_c22 cm
490 1 _aAssaig ;
_v24
500 _aTraducció de: Market killing. What the free market does and what social scientists can do about it
504 _aBibliografia p. 183-195
650 4 _aGlobalització
_xAspectes socials
650 0 _aMitjans de comunicació de massa
_92757
_xAspectes socials
700 1 _aMiller, David,
830 0 _aAssaig (Universitat de València) ;
_v24
907 _a.b43958941
_b17-06-21
_c06-05-10
_d06-05-10
_em
_fa
_g-
_hcat
_isp
_j0
_k0
908 _aUB
_aUVic-UCC
_aUPC
_aUdL
_aUdG
_aURV
_aURL
_aUAO
_aUAB
_aUPF
_aUOC
_aGEPA
_aGCDREU
940 _aUJI
942 _2udc
_cMON